| 000 | 00858nam a22002297a 4500 | ||
|---|---|---|---|
| 008 | 090203t xxu||||| |||| 00| 0 eng d | ||
| 010 | _aENG-92810 | ||
| 020 |
_c120.00 _a9788190570916 |
||
| 035 | _aEN-76343 | ||
| 037 | _bDBAD / PUB | ||
| 040 |
_adpl _bEnglish |
||
| 082 | _a621.366 | ||
| 100 | _aAmirtharaj, L.F.A. | ||
| 245 |
_aLaser and fiber optics / _cby L.F.A. Amirtharaj |
||
| 260 |
_aCoimbatore _bRainbow Publications _c2008 |
||
| 270 |
_aSri Lakshmi Towers, Mettupalayam _bCoimbatore _e641043 |
||
| 300 |
_a90p. _c29cm (pbk) |
||
| 650 |
_alaser beams _xIndustrial applications. |
||
| 650 | _aFiber optic. | ||
| 942 |
_2ddc _cEN _mAMI _h621.366 |
||
| 999 |
_c22939 _d22939 |
||